[Event "Mayors Cup Open"]
[Site "Mumbai IND"]
[Date "2008.05.15"]
[Round "7"]
[White "Kranthi,K"]
[Black "Gokhale,C"]
[Result "0-1"]
[WhiteElo "2101"]
[BlackElo "2321"]

1.d4 Nf6 2.Nf3 e6 3.c4 Bb4+ 4.Bd2 Qe7 5.a3 Bxd2+ 6.Nbxd2 d6 7.e3 e5 8.d5 O-O
9.e4 Nbd7 10.b4 a5 11.Bd3 Nh5 12.g3 f5 13.exf5 e4 14.Nxe4 Nhf6 15.Nd2 Ne5
16.Nxf6+ Qxf6 17.Bc2 axb4 18.a4 b3 19.Be4 Bxf5 20.Bxf5 Qxf5 21.O-O Qd3 22.f4 Nxc4
23.Nxb3 Qe3+ 24.Kh1 Rfe8 25.Qf3 Qxf3+ 26.Rxf3 Ne3 27.Nd4 Nxd5 28.f5 Re4 29.Rd3 Nb4
30.Rd2 Rxd4 31.Rxd4 Nc2 32.Rad1 Nxd4 33.Rxd4 Ra5 34.g4 Kf7 35.Kg2 Kf6 36.Kf3 g6
37.fxg6 hxg6 38.h4 b5 39.g5+ Ke6 40.axb5 Rxb5 41.Kg4 c5 42.Rd1 Rb4+ 43.Kg3 Re4
44.Rf1 Kd5 45.Rd1+ Ke5 46.Rf1 c4 47.Rc1 d5 48.Ra1 c3 49.Ra8 c2 50.Rc8 Rc4
51.Re8+ Kd4  0-1

[Event "Mayors Cup Open"]
[Site "Mumbai IND"]
[Date "2008.05.15"]
[Round "7"]
[White "Kunte,A"]
[Black "Venkatesh,M"]
[Result "1/2-1/2"]
[WhiteElo "2547"]
[BlackElo "2450"]

1.d4 Nf6 2.c4 e6 3.Nf3 Bb4+ 4.Bd2 a5 5.Nc3 b6 6.g3 Bb7 7.Bg2 O-O 8.O-O d6
9.Qc2 Bxc3 10.Bxc3 Be4 11.Qc1 Nbd7 12.Rd1 Qe7 13.Qf4 Rae8 14.Rac1  1/2-1/2

[Event "III President's Cup"]
[Site "Baku AZE"]
[Date "2008.05.18"]
[Round "7"]
[White "Agasiyev,Ka"]
[Black "Agayev,N"]
[Result "0-1"]
[WhiteElo "2116"]
[BlackElo "2291"]

1.d4 Nf6 2.c4 e6 3.Nf3 Bb4+ 4.Bd2 Bxd2+ 5.Qxd2 d5 6.Nc3 O-O 7.e3 Nbd7 8.cxd5 exd5
9.Bd3 Re8 10.O-O Nf8 11.Ne5 Ng4 12.Nxg4 Bxg4 13.f3 Bh5 14.Qf2 Bg6 15.Bxg6 hxg6
16.e4 c6 17.Rad1 Rc8 18.e5 Ne6 19.f4 f5 20.Qg3 Kf7 21.Qd3 Rh8 22.h3 Rf8 23.Rf2 Qb6
24.h4 Qd8 25.g3 Rh8 26.b4 Qe7 27.Rb1 Rcd8 28.Rc2 Nxf4 29.gxf4 Rxh4 30.Qf3 Rdh8
31.Ne2 Rh3 32.Ng3 Qh4 33.e6+ Ke7 34.Rg2 Rh1+ 35.Nxh1 Qxh1+ 36.Kf2 Qxb1 37.Qa3 Kxe6
38.b5 Kf7 39.bxc6 Rh1 40.Qe3 bxc6 41.Qd2 Rd1 42.Qa5 Qb6  0-1

[Event "17th Open"]
[Site "Chicago USA"]
[Date "2008.05.23"]
[Round "1"]
[White "Sharavdorj,D"]
[Black "Campiz,L"]
[Result "1-0"]
[WhiteElo "2440"]
[BlackElo "2081"]

1.d4 Nf6 2.Nf3 e6 3.c4 Bb4+ 4.Bd2 Qe7 5.g3 O-O 6.Bg2 Re8 7.O-O Bxd2 8.Qxd2 d6
9.Nc3 e5 10.e4 Bg4 11.Ne1 exd4 12.Qxd4 Nc6 13.Qd2 Qe5 14.Nd5 Rac8 15.f3 Bd7
16.Rd1 Nd8 17.Nd3 Qd4+ 18.Nf2 Qxd2 19.Nxf6+ gxf6 20.Rxd2 Be6 21.Rc1 a5 22.f4 b6
23.a3 a4 24.Nd3 Nc6 25.f5 Bd7 26.Nf4 Kf8 27.Rf2 Na5 28.Nd5 Kg7 29.Rf4 h5
30.Rh4 Bc6 31.Nf4 Kf8 32.Rxh5 Nb3 33.Rd1 Na5 34.Rc1 Ke7 35.Rh7 Kf8 36.Rh4 Ke7
37.Rc3 Rh8 38.Rxh8 Rxh8 39.h3 Ba8 40.Kf2 Nb3 41.Ke3 Nc5 42.Nd5+ Bxd5 43.exd5 Re8
44.Kf4 Kf8 45.Re3 Rxe3 46.Kxe3 Kg7 47.h4 Kh6 48.Bf3 Kg7 49.Bd1 Kh6 50.g4 Nd7
51.Bxa4 Ne5 52.Kd4 Nxg4 53.b4  1-0

[Event "TCh-BIH"]
[Site "Neum BIH"]
[Date "2008.06.04"]
[Round "1"]
[White "Ilincic,Z"]
[Black "Drasko,M"]
[Result "1/2-1/2"]
[WhiteElo "2548"]
[BlackElo "2536"]

1.d4 e6 2.c4 Nf6 3.Nf3 Bb4+ 4.Bd2 a5 5.g3 d5 6.Qc2 Nc6 7.a3 Be7 8.Bf4 dxc4
9.Qxc4 Nd5 10.Nc3 O-O 11.Bg2 Nxf4 12.gxf4 Bd6 13.Rd1 Ne7 14.Ne5 c6 15.h4 f6
16.h5 Nd5 17.Nd3 Bxf4 18.e4 Nb6 19.Qb3 a4 20.Qc2 Bd6 21.Nc5 f5 22.N3xa4 Nxa4
23.Nxa4 Qg5 24.Kf1 fxe4 25.Nc3 e3 26.Ne4 Qf4 27.Rh3 b6 28.Bf3 Ba6+ 29.Kg2 exf2
30.Qxf2 Be7 31.Qc2 Rac8 32.Qb3  1/2-1/2

[Event "TCh-BIH"]
[Site "Neum BIH"]
[Date "2008.06.07"]
[Round "4"]
[White "Genov,Peta"]
[Black "Ilincic,Z"]
[Result "0-1"]
[WhiteElo "2474"]
[BlackElo "2548"]

1.d4 Nf6 2.c4 e6 3.Nf3 Bb4+ 4.Bd2 c5 5.Bxb4 cxb4 6.g3 O-O 7.Bg2 d6 8.O-O Re8
9.Qd3 a5 10.Nbd2 h6 11.a3 Na6 12.Ne1 Qb6 13.Nc2 Bd7 14.axb4 axb4 15.Nb3 e5
16.e4 exd4 17.Ncxd4 Nc5 18.Nxc5 Rxa1 19.Rxa1 dxc5 20.Nc2 Bc6 21.f3 Rd8 22.Qe2 b3
23.Ne3 Qb4 24.Rd1 Rxd1+ 25.Qxd1 Nd7 26.f4 Nf8 27.e5 Ne6 28.Bxc6 bxc6 29.f5 Nd4
30.f6 Qb8 31.Qg4 g6 32.e6 Nxe6 33.Nf5 h5 34.Ne7+ Kh7 35.Qe4 Qd6 36.Nxc6 Ng5
37.Qd5 Qxf6 38.h4 Ne6 39.Ne5 Qf5 40.Nd3 Qg4 41.Kf2 Qd1 42.Qd7 Qd2+ 43.Kf3 Nd4+
44.Ke4 Qg2+ 45.Ke5 Qxg3+ 46.Kd5 Kg7 47.Nxc5 Qxh4 48.Ne4 Ne6 49.c5 Qxe4+  0-1

[Event "115th ch-SCO"]
[Site "Glasgow SCO"]
[Date "2008.06.10"]
[Round "6"]
[White "Quinn,Da"]
[Black "Cochrane,R"]
[Result "1/2-1/2"]
[WhiteElo "2007"]
[BlackElo "2101"]

1.d4 Nf6 2.Nf3 e6 3.c4 Bb4+ 4.Bd2 Bxd2+ 5.Nbxd2 d5 6.g3 O-O 7.Bg2 Qe7 8.O-O Nbd7
9.Qc2 c6 10.Rad1 Rd8 11.Rfe1 b6 12.e4 dxe4 13.Nxe4 Bb7 14.Ne5 Nxe5 15.dxe5 Nxe4
16.Bxe4 g6 17.h4 Rxd1 18.Rxd1 Kg7 19.Rd6 c5 20.Bxb7 Qxb7 21.Qd3 Rc8 22.g4 h6
23.f4 Qe7 24.g5 hxg5 25.fxg5 Qb7 26.Rd7 Rc7 27.Rd8 Rc8 28.Rd6 a6 29.h5 gxh5
30.g6 Qe7 31.Qd2 Qh4 32.gxf7 Qg4+ 33.Qg2 Qxg2+ 34.Kxg2 b5 35.Rxe6 Kxf7 36.Rxa6 bxc4
37.Kh3 Rb8 38.Rc6  1/2-1/2

[Event "TCh-BIH"]
[Site "Neum BIH"]
[Date "2008.06.10"]
[Round "7"]
[White "Ivanisevic,I"]
[Black "Jankovic,A"]
[Result "1/2-1/2"]
[WhiteElo "2649"]
[BlackElo "2528"]

1.d4 Nf6 2.Nf3 e6 3.c4 Bb4+ 4.Bd2 c5 5.Bxb4 cxb4 6.g3 O-O 7.Bg2 d6 8.Nbd2 Re8
9.Nf1 a5 10.Ne3 Na6 11.O-O Rb8 12.Qd3 b6 13.Nd2 Qc7 14.g4 Bb7 15.Bxb7 Qxb7
16.f3 Rbd8 17.g5 Nh5 18.f4 e5 19.fxe5 dxe5 20.Nd5 Nf4 21.Nxf4 exf4 22.Rxf4 Qe7
23.e3  1/2-1/2

[Event "ch-Panamerican U20"]
[Site "Cali COL"]
[Date "2008.06.11"]
[Round "2"]
[White "Lemos,D"]
[Black "Perez,Fra2"]
[Result "1/2-1/2"]
[WhiteElo "2458"]
[BlackElo "2186"]

1.d4 Nf6 2.Nf3 e6 3.c4 Bb4+ 4.Bd2 Qe7 5.g3 b6 6.Bg2 Bb7 7.O-O Bxd2 8.Qxd2 O-O
9.Nc3 d6 10.d5 c5 11.Nh4 Rd8 12.e4 Nbd7 13.f4 e5 14.Nf5 Qf8 15.Nb5 Ne8 16.Rf2 Ba6
17.Raf1 Bxb5 18.cxb5 a5 19.bxa6 Rxa6 20.a3 Ra4 21.Qd1 b5 22.Qg4 Kh8 23.Qh4 f6
24.Re1 c4 25.Re3 Nc5 26.Bf1 Rb8 27.Qh3 b4 28.Nh4 Qf7 29.axb4 Raxb4 30.fxe5 dxe5
31.Nf3 Qe7 32.Nh4 Kg8 33.Nf5 Qa7 34.d6 Nd3 35.Bxd3 cxd3 36.d7 Nc7 37.Rxd3 Qa1+
38.Rf1 Qa7+ 39.Kh1 Qa8 40.Qg4 g6 41.Ne7+ Kg7 42.Nc8 Rxe4 43.Qf3 Ne6 44.Qxf6+ Kh6
45.Kg1 Rxb2 46.Rdf3 Qa2 47.R3f2 Rxf2 48.Rxf2 Re1+ 49.Rf1 Re2 50.Qh4+ Kg7
51.Qf6+ Kh6 52.Qh4+ Kg7 53.d8=Q Nxd8 54.Qf6+ Kh6 55.Qf8+ Kh5 56.Qf3+ Kh6
57.Ne7 Nf7 58.Ng8+ Kg7 59.Nf6 Qd2 60.Nh5+ Kh6 61.Nf6 Kg7 62.Ng4 Qd4+ 63.Kh1 Qe4
64.Qxe4 Rxe4 65.Nf6 Ra4 66.Nxh7 Ra6 67.h4 e4  1/2-1/2

[Event "XXVI Balatoni Sakkfesztival GM"]
[Site "Balatonlelle HUN"]
[Date "2008.06.14"]
[Round "1"]
[White "Sax,G"]
[Black "Varga,Zo"]
[Result "1/2-1/2"]
[WhiteElo "2502"]
[BlackElo "2496"]

1.d4 Nf6 2.c4 e6 3.Nf3 Bb4+ 4.Bd2 Bxd2+ 5.Qxd2 O-O 6.Nc3 d5 7.e3 h6 8.cxd5 exd5
9.Be2 c6 10.O-O Re8 11.Rac1 Qd6 12.Ne5  1/2-1/2

[Event "Serbia Cup"]
[Site "Zlatibor SRB"]
[Date "2008.06.18"]
[Round "3"]
[White "Pavlovic,Milos"]
[Black "Kovacevic,A"]
[Result "0-1"]
[WhiteElo "2520"]
[BlackElo "2616"]

1.d4 Nf6 2.c4 e6 3.Nf3 Bb4+ 4.Bd2 c5 5.Bxb4 cxb4 6.g3 O-O 7.Bg2 d6 8.Nbd2 Nc6
9.Nf1 e5 10.Ne3 Bg4 11.O-O Re8 12.Rc1 Bh5 13.d5 Bxf3 14.Bxf3 Nd4 15.Qd2 b3
16.a3 Nxf3+ 17.exf3 Nd7 18.Rc3 Nc5 19.h4 Qd7 20.g4 g6 21.g5 h5 22.gxh6 f5
23.Kh2 Kf7 24.h5 Rh8 25.hxg6+ Kxg6 26.Rg1+ Kf6 27.Ng4+ fxg4 28.fxg4 Kg6 29.Rh3 Raf8
30.Rg2 Rf4 31.g5 Rg4 32.Qe2 Rxg2+ 33.Kxg2  0-1

[Event "XXVI Balatoni Sakkfesztival GM"]
[Site "Balatonlelle HUN"]
[Date "2008.06.20"]
[Round "8"]
[White "Sammalvuo,T"]
[Black "Sax,G"]
[Result "1/2-1/2"]
[WhiteElo "2458"]
[BlackElo "2502"]

1.d4 Nf6 2.c4 e6 3.Nf3 Bb4+ 4.Bd2 a5 5.Nc3 b6 6.Bg5 Bb7 7.e3 h6 8.Bh4 d5
9.cxd5 exd5 10.Bb5+ c6 11.Bd3 Be7 12.O-O O-O 13.Ne5 Nfd7 14.Bxe7 Qxe7 15.Nxd7 Nxd7
16.Re1 Rfe8 17.Rc1 Rab8 18.Rc2 Nf6 19.Na4 Qc7 20.a3 Bc8 21.h3 Bd7 22.Rc1 Qd6
23.Nc3 Rbc8 24.Re2 Qe7 25.Rec2 Rb8 26.Nb1 c5 27.Re2 c4 28.Bc2 b5 29.Nd2 b4
30.axb4 axb4 31.e4 c3  1/2-1/2

[Event "Open"]
[Site "Teplice CZE"]
[Date "2008.06.22"]
[Round "9"]
[White "Cedikova,K"]
[Black "Kudela,S"]
[Result "1-0"]
[WhiteElo "2171"]
[BlackElo "2017"]

1.d4 Nf6 2.c4 e6 3.Nf3 Bb4+ 4.Bd2 a5 5.g3 O-O 6.Bg2 d5 7.Qc2 Nc6 8.O-O dxc4
9.Qxc4 Qd5 10.Qd3 Rd8 11.Nc3 Qd7 12.Bg5 Be7 13.Rad1 a4 14.a3 Ra5 15.Qc2 b5
16.Ne5 Nxd4 17.Rxd4 Qxd4 18.Nc6 Qc5 19.Be3 Qd6 20.Rd1 Nd5 21.Nxd5 exd5 22.Rxd5 Qe6
23.Rxd8+ Bxd8 24.Nxa5 c5 25.Nc6 Bf6 26.Qxc5 Qd7 27.Nd4 g6 28.h3 Kg7 29.Qxb5 Qxb5
30.Nxb5 Bxb2 31.Bd4+ Bxd4 32.Nxd4 Kf6 33.f4 Ke7 34.Bc6 Bxh3 35.Bxa4 Kd6 36.Nf3 f6
37.e4 Kc5 38.Bb3 Bd7 39.Kf2 h6 40.Ke3 g5 41.fxg5 hxg5 42.e5 fxe5 43.Nxe5 Be8
44.Nf3  1-0

[Event "TCh-TUR"]
[Site "Kocaeli TUR"]
[Date "2008.06.25"]
[Round "3"]
[White "Ozturk,K"]
[Black "Lomineishvili,M"]
[Result "0-1"]
[WhiteElo "2169"]
[BlackElo "2400"]

1.d4 Nf6 2.Nf3 e6 3.c4 Bb4+ 4.Bd2 c5 5.a3 Bxd2+ 6.Qxd2 b6 7.Nc3 Bb7 8.e3 O-O
9.Be2 d5 10.dxc5 bxc5 11.cxd5 exd5 12.O-O Nbd7 13.Rfd1 Re8 14.Qc2 Rc8 15.Bb5 a6
16.Bf1 Qb6 17.Ne2 d4 18.exd4 cxd4 19.Qd2 Bxf3 20.gxf3 Ne5 21.Bg2 Nc4 22.Qxd4 Rxe2
23.Bf1 Qxd4 24.Rxd4 Rc2 25.Rad1 Kf8 26.Bd3 Ne5  0-1

[Event "Atlantis Promotiegroep"]
[Site "Groningen NED"]
[Date "2008.06.27"]
[Round "1"]
[White "Balje,J"]
[Black "Schoorl,R"]
[Result "1/2-1/2"]
[WhiteElo "2197"]
[BlackElo "2257"]

1.d4 Nf6 2.c4 e6 3.Nf3 Bb4+ 4.Bd2 Qe7 5.g3 Nc6 6.Bg2 Bxd2+ 7.Nbxd2 O-O 8.O-O d6
9.e4 e5 10.d5 Nb8 11.Ne1 a5 12.Nd3 Na6 13.f4 c6 14.Qe1 Re8 15.f5 cxd5 16.cxd5 Bd7
17.h3 Bb5 18.Qe3 Nd7 19.Rfc1 Bxd3 20.Qxd3 Ndc5 21.Qe3 b5 22.Bf1 Reb8 23.Be2 a4
24.Kg2 f6 25.h4 Qd8 26.g4 Qa5 27.Qc3 Qxc3 28.Rxc3 Kf7 29.g5 Ra7 30.Kf2 g6
31.fxg6+ hxg6 32.Rf3 Nd7  1/2-1/2

[Event "TCh-TUR"]
[Site "Kocaeli TUR"]
[Date "2008.06.28"]
[Round "8"]
[White "Samli,B"]
[Black "Sengul,C"]
[Result "0-1"]
[WhiteElo "2054"]
[BlackElo "2146"]

1.d4 Nf6 2.c4 e6 3.Nf3 Bb4+ 4.Bd2 a5 5.a3 Bxd2+ 6.Qxd2 d6 7.Nc3 Nbd7 8.g3 O-O
9.Bg2 e5 10.O-O exd4 11.Nxd4 Nb6 12.Qd3 Nfd7 13.b3 a4 14.Nxa4 Nxa4 15.bxa4 Nc5
16.Qc2 Bd7 17.Rfb1 Bxa4 18.Qc3 Qc8 19.h4 Bd7 20.Kh2 Ra7 21.Nb3 Nxb3 22.Qxb3 b6
23.Qc3 Ra5 24.Rd1 Re8 25.e3 Rc5 26.Rd5 Re5 27.Rad1 Qe8 28.Qd4 h6 29.Rd2 Bc6
30.Rxc5 Rxc5 31.Bd5 Qe5 32.f4 Qe7 33.Rd3 Bd7 34.Rd2 Ra5 35.Qd3 Qf6 36.Ra2 Qf5
37.Qxf5 Bxf5 38.Kg2 Bg4 39.Kf2 Kf8 40.Ke1 Ke7 41.Kd2 Be6 42.Bxe6 Kxe6 43.e4 f5
44.Kd3 Ra4 45.exf5+ Kxf5 46.Kc3 Ra8 47.Kb4 Re8 48.Kb5 Kg4 49.Ra1 Re7 50.Rg1 Kf3
51.g4 Kxf4 52.Kc6 g5 53.hxg5 hxg5 54.Rg2 Ke3 55.a4 Kd3 56.Kb5 Re5+ 57.Kb4 Ke3
58.Rh2 Kf3 59.Rh7 Rc5 60.Rg7 Kxg4  0-1

[Event "Svein Johannessen Mem"]
[Site "Oslo NOR"]
[Date "2008.06.28"]
[Round "2"]
[White "Matthiesen,M"]
[Black "Thingstad,E"]
[Result "1-0"]
[WhiteElo "2365"]
[BlackElo "1982"]

1.d4 Nf6 2.c4 e6 3.Nf3 Bb4+ 4.Bd2 a5 5.g3 d6 6.Bg2 Nbd7 7.O-O O-O 8.Bg5 d5
9.c5 b6 10.a3 Bxc5 11.dxc5 Nxc5 12.Nbd2 Ba6 13.Re1 h6 14.Bxf6 Qxf6 15.b3 Rfd8
16.Qc1 Rac8 17.Rb1 Nd7 18.b4 c5 19.b5 Bb7 20.e4 Nf8 21.a4 Rc7 22.Qc2 Ng6
23.Re2 Rcd7 24.Rbe1 Rc7 25.Qb1 Rcc8 26.h4 Ba8 27.e5 Qe7 28.h5 Nf8 29.Kh2 Rc7
30.Qa1 Nh7 31.Nh4 Qg5 32.f4 Qe7 33.Bh3 c4 34.Nhf3 c3 35.Nb3 Qb4 36.Nbd4 Rc4
37.Rb1 Qxa4 38.Ra2 c2 39.Rc1 Qb4 40.Raxc2 Rdc8 41.f5 Rxc2+ 42.Rxc2 Rxc2+
43.Nxc2 Qe4 44.Ncd4 exf5 45.Qc1 Bb7 46.Bxf5  1-0

[Event "XII Izmailov Mem"]
[Site "Tomsk RUS"]
[Date "2008.06.28"]
[Round "4"]
[White "Egorov,Z"]
[Black "Kaiyrbekov,R"]
[Result "1/2-1/2"]
[WhiteElo "2137"]
[BlackElo "2342"]

1.d4 Nf6 2.Nf3 e6 3.c4 Bb4+ 4.Bd2 Qe7 5.Nc3 O-O 6.e3 Bxc3 7.Bxc3 Ne4 8.Qc2 Nxc3
9.Qxc3 a5 10.Bd3 d6 11.O-O Nd7 12.Rfd1 e5 13.dxe5 dxe5 14.Bc2 e4 15.Nd4 Nc5
16.Ne2 Bg4 17.Rd2 Bxe2 18.Rxe2 Ra6 19.Rd1 Qh4 20.Qe5 Rc6 21.Red2 b6 22.b3 Rg6
23.g3 Qg4 24.Rd8 Ne6 25.Rxf8+ Kxf8 26.Qxe4 Qxe4 27.Bxe4 Rf6 28.f4 Nc5 29.Bc2 Ke7
30.Kg2 Na6 31.Kf3 Rh6 32.e4 Rc6 33.e5 a4 34.Be4 Rc5 35.Rd5 a3 36.Rxc5 Nxc5
37.Bc2 Ke6 38.Ke3 Na6 39.Kd4 c5+ 40.Ke4 f5+ 41.exf6 gxf6  1/2-1/2

[Event "Atlantis Promotiegroep"]
[Site "Groningen NED"]
[Date "2008.06.29"]
[Round "3"]
[White "Akotchik,V"]
[Black "Schoorl,R"]
[Result "0-1"]
[WhiteElo "2121"]
[BlackElo "2257"]

1.d4 Nf6 2.c4 e6 3.Nf3 Bb4+ 4.Bd2 Qe7 5.g3 Nc6 6.Bg2 Bxd2+ 7.Nbxd2 O-O 8.O-O d6
9.e4 e5 10.d5 Nb8 11.Ne1 a5 12.Nd3 Na6 13.f4 c6 14.fxe5 dxe5 15.Nf3 Nxe4
16.Nfxe5 cxd5 17.cxd5 Nd6 18.Re1 Qd8 19.Qb3 Bf5 20.Rad1 Rc8 21.Rc1 f6 22.Rxc8 Qxc8
23.Rc1 Qd8 24.Nf3 a4 25.Qc3 Qb6+ 26.Nf2 Rc8 27.Qd2 Rxc1+ 28.Qxc1 Ne4 29.Qe1 Nb4
30.Kf1 Nc2 31.Qe2 Ne3+ 32.Kg1 Ng4 33.Nh4 Ngxf2 34.Nxf5 Nh3+  0-1

[Event "TCh-TUR"]
[Site "Kocaeli TUR"]
[Date "2008.06.29"]
[Round "10"]
[White "Dincer,T"]
[Black "Sengul,C"]
[Result "1/2-1/2"]
[WhiteElo "1800"]
[BlackElo "2146"]

1.d4 Nf6 2.c4 e6 3.Nf3 Bb4+ 4.Bd2 Qe7 5.g3 Nc6 6.Bg2 O-O 7.O-O Bxd2 8.Qxd2 a5
9.Nc3 d6 10.e4 e5 11.dxe5 Nxe5 12.Nxe5 dxe5 13.Nd5 Qd8 14.Nxf6+ Qxf6 15.Rfd1 c6  1/2-1/2

[Event "IV Open"]
[Site "Sort ESP"]
[Date "2008.06.30"]
[Round "8"]
[White "Mirzoev,A"]
[Black "Baklan,V"]
[Result "1/2-1/2"]
[WhiteElo "2543"]
[BlackElo "2647"]

1.d4 Nf6 2.c4 e6 3.Nf3 Bb4+ 4.Bd2 a5 5.g3 d5 6.Qc2 Nc6 7.Bg2 dxc4 8.Qxc4 Qd5
9.Qxd5 exd5 10.O-O Bxd2 11.Nbxd2 Ne7 12.Rfc1 c6 13.e3 O-O 14.Ne5 Ne8 15.Nd3 Nd6
16.Nc5 Rb8 17.b3  1/2-1/2

[Event "XII Izmailov Mem"]
[Site "Tomsk RUS"]
[Date "2008.06.30"]
[Round "6"]
[White "Shimelkov,V"]
[Black "Korobkin,M"]
[Result "0-1"]
[WhiteElo "2202"]
[BlackElo "2357"]

1.d4 Nf6 2.Nf3 e6 3.c4 Bb4+ 4.Bd2 Qe7 5.g3 Nc6 6.Bg2 a5 7.O-O Bxd2 8.Nbxd2 d6
9.e4 e5 10.d5 Nb8 11.Nh4 O-O 12.Nf5 Bxf5 13.exf5 Na6 14.Re1 Nc5 15.Qc2 Rfe8
16.Ne4 Nfxe4 17.Bxe4 f6 18.b3 Qd7 19.g4 b5 20.h4 Reb8 21.Rab1 Rb6 22.Bd3 b4
23.g5 Qe7 24.f4 Qd8 25.Re2 exf4 26.g6 a4 27.Rbe1 axb3 28.axb3 Rba6 29.Qd1 Nd7
30.gxh7+ Kh8 31.Rg2 Ne5 32.Rxe5 Ra1 33.Bb1 fxe5 34.Rxg7 Rxb1  0-1

[Event "TCh-TUR"]
[Site "Kocaeli TUR"]
[Date "2008.07.01"]
[Round "13"]
[White "Sipahioglu,I"]
[Black "Emiroglu,C"]
[Result "0-1"]
[WhiteElo "2006"]
[BlackElo "2019"]

1.d4 Nf6 2.c4 e6 3.Nf3 Bb4+ 4.Bd2 Qe7 5.a3 Bxd2+ 6.Qxd2 d6 7.Nc3 O-O 8.g3 e5
9.dxe5 dxe5 10.Rd1 e4 11.Qe3 Re8 12.Nd2 Bf5 13.h3 Nc6 14.g4 Bg6 15.Bg2 h6
16.O-O Rad8 17.f4 exf3 18.Qxe7 Rxe7 19.Nxf3 Red7 20.Rxd7 Rxd7 21.Nh4 Bc2
22.Nf5 Bxf5 23.Bxc6 bxc6 24.Rxf5 Rd2 25.b4 Rc2 26.Rf3 Nd7 27.Re3 Nb6 28.c5 Nc4
29.Rd3 Kh7 30.Kf2 Nb2 31.Rf3 Rxc3 32.Rxf7 Rxa3 33.Rxc7 Ra4 34.Rxc6 Rxb4 35.Ra6 Ra4
36.Rd6 Ra3 37.c6 Nc4 38.Re6 Nb6 39.c7 Rc3 40.Re7 Kg8 41.c8=Q+ Nxc8 42.Rb7 a5
43.Rb5 a4 44.Rb8 a3  0-1

[Event "IV Open"]
[Site "Sort ESP"]
[Date "2008.07.02"]
[Round "10"]
[White "Mirzoev,A"]
[Black "Ibrahimov,R"]
[Result "1/2-1/2"]
[WhiteElo "2543"]
[BlackElo "2535"]

1.d4 Nf6 2.c4 e6 3.Nf3 Bb4+ 4.Bd2 Qe7 5.g3 O-O 6.Bg2 Bxd2+ 7.Nbxd2 d6 8.O-O e5
9.e3 c5 10.Nb3 Nc6 11.h3 h6 12.Re1 Bf5 13.a3 e4 14.Nfd2 Rfe8 15.Nb1 Rad8
16.Nc3 b6 17.Kh2 d5 18.cxd5 Nxd5 19.Qc2 Na5 20.Nxa5 bxa5 21.Nxd5 Rxd5 22.Rad1 Red8
23.dxc5 Rxd1 24.Rxd1 Rxd1 25.Qxd1 Qxc5 26.Qd2  1/2-1/2

[Event "XII Izmailov Mem"]
[Site "Tomsk RUS"]
[Date "2008.07.02"]
[Round "8"]
[White "Klimov,A"]
[Black "Fominyh,A"]
[Result "1/2-1/2"]
[WhiteElo "2394"]
[BlackElo "2497"]

1.d4 Nf6 2.c4 e6 3.Nf3 Bb4+ 4.Bd2 a5 5.g3 d5 6.Bg2 dxc4 7.O-O Nc6 8.e3 Bd6
9.Qa4 O-O 10.Qxc4 e5 11.dxe5 Nxe5 12.Nxe5 Bxe5 13.Bc3 Qe7 14.Bxe5 Qxe5 15.Nc3 c6
16.Rad1 Bg4 17.Rd4 h5 18.h3 Be6 19.Qe2 Rfd8 20.Rfd1 Qc7 21.Qd2 Rxd4 22.Qxd4 Re8
23.a3 Bb3 24.Rd2 Re7 25.Qa7 Be6 26.Qc5 Rd7 27.Rxd7 Qxd7 28.Qxa5 Bxh3 29.Ne4 Nxe4
30.Bxe4 g6 31.Kh2 Bg4 32.Qe5 Qd8 33.Kg2 Kh7 34.Bf3 Bc8 35.a4 Qd3 36.a5 Qc4
37.Kh2 Qf1 38.Bg2 Qxf2 39.Qf4 Qxf4 40.exf4 Kg7  1/2-1/2

[Event "XII Izmailov Mem"]
[Site "Tomsk RUS"]
[Date "2008.07.02"]
[Round "8"]
[White "Iskusnyh,S"]
[Black "Mikhalchenko,P"]
[Result "1/2-1/2"]
[WhiteElo "2467"]
[BlackElo "2324"]

1.d4 Nf6 2.c4 e6 3.Nf3 Bb4+ 4.Bd2 Qe7 5.g3 Nc6 6.Nc3 e5 7.dxe5 Nxe5 8.Nxe5 Qxe5
9.Bg2 O-O 10.O-O Re8 11.Qa4 a5 12.Bf4 Qe7 13.Nb5 d6 14.a3 Bc5 15.b4 Bb6 16.c5 dxc5
17.bxc5 Qxc5 18.Rac1 Qh5 19.Bxc7 Bd7 20.Bxb6 Bxb5 21.Qf4 Qxe2 22.Bd4 Nh5
23.Qf5 Bd3 24.Qc5 Qg4 25.Rfe1 Red8 26.Bb2 h6 27.Qb6 Re8 28.Qxb7 Rab8 29.Rxe8+ Rxe8
30.Qd5 Nf4 31.h3 Qg6 32.Qd7 Ne2+ 33.Kh2 Rb8 34.Rc6 Bb5 35.Rxg6 Bxd7 36.Be5 Rb5
37.Rd6 Rxe5 38.Rxd7 Nc3 39.Bf3 Nb5 40.Rd3 Rc5  1/2-1/2

[Event "World Open"]
[Site "Philadelphia USA"]
[Date "2008.07.03"]
[Round "2"]
[White "Arnold,M"]
[Black "Kunte,A"]
[Result "1/2-1/2"]
[WhiteElo "2336"]
[BlackElo "2554"]

1.d4 Nf6 2.c4 e6 3.Nf3 Bb4+ 4.Bd2 c5 5.g3 Bxd2+ 6.Nbxd2 b6 7.Bg2 Bb7 8.O-O cxd4
9.Nxd4 Bxg2 10.Kxg2 d6 11.Qa4+ Qd7 12.Qxd7+ Nbxd7 13.Rfd1 a6 14.a4 O-O  1/2-1/2

[Event "World Open"]
[Site "Philadelphia USA"]
[Date "2008.07.04"]
[Round "5"]
[White "Kunte,A"]
[Black "Moiseenko,A1"]
[Result "1/2-1/2"]
[WhiteElo "2554"]
[BlackElo "2632"]

1.d4 Nf6 2.c4 e6 3.Nf3 Bb4+ 4.Bd2 c5 5.Bxb4 cxb4 6.g3 O-O 7.Bg2 d6 8.O-O Nc6
9.a3 Re8 10.axb4 Nxb4 11.Nc3 Bd7 12.Na2 Qb6 13.Qd2 Nxa2 14.Rxa2 Qb3 15.Rfa1 Qxc4
16.Rxa7 Rxa7 17.Rxa7 Bb5 18.Rxb7 Qxe2 19.Qxe2 Bxe2 20.Nd2 Kf8 21.Bf1  1/2-1/2

[Event "Duras GM Teplarny"]
[Site "Brno CZE"]
[Date "2008.07.05"]
[Round "10"]
[White "Polak,T"]
[Black "Bernasek,J"]
[Result "1/2-1/2"]
[WhiteElo "2553"]
[BlackElo "2530"]

1.d4 Nf6 2.c4 e6 3.Nf3 Bb4+ 4.Bd2 a5 5.g3 b6 6.Bg2 Bb7 7.O-O O-O 8.Bg5 Be7
9.Nc3 Ne4 10.Bxe7 Qxe7 11.Qc2 Nxc3 12.Qxc3 Be4 13.Qe3  1/2-1/2

[Event "XIX ch-Panam U18"]
[Site "Villa Carlos Paz ARG"]
[Date "2008.07.05"]
[Round "9"]
[White "Cruz,Jon"]
[Black "Diamant,A"]
[Result "1/2-1/2"]
[WhiteElo "2274"]
[BlackElo "2407"]

1.d4 Nf6 2.c4 e6 3.Nf3 Bb4+ 4.Bd2 Qe7 5.g3 Nc6 6.Bg2 Bxd2+ 7.Nbxd2 d6 8.O-O e5
9.d5 Nb8 10.Qc2 O-O 11.e4 a5 12.Rae1 Na6 13.Nh4 c6 14.h3 Nc5 15.Nb3 Nxb3  1/2-1/2

[Event "ch-NOR Elite"]
[Site "Tonsberg NOR"]
[Date "2008.07.07"]
[Round "3"]
[White "Ekeberg,C"]
[Black "Kovachev,D"]
[Result "1/2-1/2"]
[WhiteElo "2349"]
[BlackElo "2189"]

1.d4 Nf6 2.c4 e6 3.Nf3 Bb4+ 4.Bd2 Qe7 5.g3 Nc6 6.Bg2 Bxd2+ 7.Nbxd2 d6 8.O-O O-O
9.e4 e5 10.d5 Nb8 11.Ne1 a5 12.Nd3 Na6 13.b3 c6 14.a3 Bg4 15.Qb1 Nd7 16.Re1 Ndc5
17.Nxc5  1/2-1/2

[Event "XVII Burgas Open"]
[Site "Ourense ESP"]
[Date "2008.07.10"]
[Round "8"]
[White "Hoffman,A"]
[Black "Lozoya Rodriguez,A"]
[Result "1/2-1/2"]
[WhiteElo "2445"]
[BlackElo "2171"]

1.d4 Nf6 2.Nf3 e6 3.c4 Bb4+ 4.Bd2 c5 5.Bxb4 cxb4 6.g3 b6 7.Bg2 Bb7 8.O-O O-O
9.Nbd2 d6 10.Qb3 a5 11.Rfd1 Qe7 12.Nf1 d5 13.cxd5 Bxd5 14.Qd3 Qb7 15.N1d2 Nbd7
16.Ne1 Bxg2 17.Nxg2 e5 18.dxe5 Nxe5 19.Qb5 Rfe8 20.Ne3 g6 21.Rac1 h5 22.Ndc4 Nxc4
23.Rxc4 Re6 24.Rcd4 Rae8 25.Rd8 Rxd8 26.Rxd8+ Kg7 27.Qg5 Qe4 28.Rd4 Qe5 29.Qxe5 Rxe5
30.Rd6 b5 31.b3 a4 32.bxa4 bxa4 33.Ra6 a3 34.Ra4 Ng4 35.Rxb4 Nxe3 36.fxe3 Rxe3
37.Kf2 Rc3 38.Ra4 h4 39.gxh4  1/2-1/2

[Event "19th Czech Oce Open"]
[Site "Pardubice CZE"]
[Date "2008.07.11"]
[Round "2"]
[White "Fiedler,Be"]
[Black "Zavgorodniy,S"]
[Result "0-1"]
[WhiteElo "2123"]
[BlackElo "2410"]

1.d4 Nf6 2.Nf3 e6 3.c4 Bb4+ 4.Bd2 Qe7 5.g3 Nc6 6.Nc3 d6 7.Bg2 O-O 8.O-O Bxc3
9.Bxc3 Ne4 10.Qc2 Nxc3 11.Qxc3 e5 12.d5 Nb8 13.e4 a5 14.Nd2 Nd7 15.Rae1 c6
16.f4 b5 17.cxb5 cxb5 18.Nb3 b4 19.Qc7 Ba6 20.fxe5 dxe5 21.Rf2 Rfc8 22.d6 Rxc7
23.dxe7 Nf6 24.Nxa5 Bb5 25.Bf1 Rxe7 26.Bxb5 Rxa5 27.Bc4 Rd7 28.Bb3 Rc5 29.Ree2 Kf8
30.Rc2 Nxe4 31.Rfe2 Rd1+ 32.Kg2 Rxc2 33.Bxc2 Rd2 34.Kf3 Rxe2 35.Kxe2 Nc5
36.a3 bxa3 37.bxa3 g6 38.g4 h6 39.Ke3 Ke7 40.Kd2 Kd6 41.Kc3 e4 42.Kd4 f5
43.gxf5 gxf5 44.a4 Ne6+ 45.Ke3 Ke5 46.a5 f4+ 47.Ke2 Nd4+ 48.Kd1 Nxc2  0-1

[Event "19th Czech Oce Open"]
[Site "Pardubice CZE"]
[Date "2008.07.11"]
[Round "3"]
[White "Cernousek,L"]
[Black "Bernasek,J"]
[Result "1/2-1/2"]
[WhiteElo "2436"]
[BlackElo "2491"]

1.d4 Nf6 2.c4 e6 3.Nf3 Bb4+ 4.Bd2 a5 5.g3 b6 6.Bg2 Bb7 7.O-O O-O 8.Nc3 Bxc3
9.Bxc3 Ne4 10.Qd3 Nxc3 11.Qxc3 Be4 12.Rac1 Na6 13.Rfd1 d6 14.Qe3 Bb7 15.c5 bxc5
16.dxc5 Bd5 17.Qa3 Nb4 18.cxd6 cxd6 19.Nd4 Bxg2 20.Kxg2 Qb6 21.Qa4 Qb7+ 22.Kg1 Ra6
23.b3 g6 24.a3 Nd5 25.Rc6 Rb8 26.Rdc1 Rxc6 27.Nxc6 Qxb3 28.Qxa5 Qb2 29.Nxb8 Qxc1+
30.Kg2 Kg7 31.Qd8 Qc2 32.Nd7 Qe4+ 33.Kg1 Qb1+ 34.Kg2 Qe4+ 35.Kg1 Qb1+ 36.Kg2 Qe4+
37.Kg1 Qb1+ 38.Kg2 Qe4+  1/2-1/2

[Event "ch-PHI Finals"]
[Site "Mandaluyong PHI"]
[Date "2008.07.12"]
[Round "15"]
[White "Pascua,H"]
[Black "Bancod,Ron"]
[Result "0-1"]
[WhiteElo "2174"]
[BlackElo "2375"]

1.d4 Nf6 2.c4 e6 3.Nf3 Bb4+ 4.Bd2 Qe7 5.g3 Nc6 6.Bg2 Bxd2+ 7.Nbxd2 O-O 8.O-O d6
9.Qc2 a5 10.e4 e5 11.d5 Nb8 12.Rac1 Na6 13.a3 Bd7 14.b3 c5 15.dxc6 bxc6 16.Qc3 Rfb8
17.Ne1 Nc5 18.Nc2 h5 19.b4 Ne6 20.f4 axb4 21.axb4 c5 22.bxc5 Nxc5 23.Ne3 Ra2
24.Rc2 Na4 25.Qd3 Rxc2 26.Qxc2 Rb2 27.Qd3 h4 28.fxe5 Qxe5 29.Nf3 Qc5 30.Nxh4 Ng4
31.Re1 Ra2 32.Qd5 Qxe3+ 33.Rxe3 Ra1+  0-1